Famous Authors by Their Deaths Quiz Stats

 Plays Quiz Updated Jul 26, 2015

Challenge
Share
Tweet
Embed
Score 0/24 Timer 07:00
5 Plays Today
% Correct
William Shakespeare
92.8%
Virgil
82.3%
Henrik Ibsen
71.1%
Johann Wolfgang von Goethe
68.5%
Ernest Hemingway
68.2%
Gabriel García Márquez
68.2%
Fyodor Dostoyevsky
67.5%
Giovanni Boccaccio
66%
Mark Twain
63.5%
Hunter S. Thompson
60.1%
Michael Crichton
60%
Sylvia Plath
54.3%
% Correct
Ian Fleming
52.5%
Charles Dickens
49.9%
Leo Tolstoy
48.7%
Agatha Christie
47.7%
Victor Hugo
44.3%
Albert Camus
43.6%
Douglas Adams
42.1%
Emile Zola
41.6%
Lord Byron
40.8%
Oscar Wilde
36.7%
Langston Hughes
36.4%
Lewis Carroll
29.6%

You're not logged in!

Compare scores with friends on all Sporcle quizzes.
OR
Log In

You Might Also Like...

Show Comments

Extras

Top Quizzes Today


Score Distribution

Your Account Isn't Verified!

In order to create a playlist on Sporcle, you need to verify the email address you used during registration. Go to your Sporcle Settings to finish the process.

Report this User

Report this user for behavior that violates our Community Guidelines.

Details: